| 000 | 00649nam a2200205 i 4500 | ||
|---|---|---|---|
| 001 | 106839 | ||
| 003 | ES-MaACL | ||
| 005 | 20230906184303.0 | ||
| 007 | t| | ||
| 008 | 070104s1963 fr ||||1| fre d | ||
| 080 | _a(038)=133.1'366.3 | ||
| 245 | 0 | 2 |
_aL'art de conjuguer _b: dictionnaire des huit mille verbes usuels. |
| 260 |
_aParis : _bHatier, _c[1963] |
||
| 300 |
_a160 p. ; _c19 cm. |
||
| 500 | _aBiblioteca Jacinto MartÃnez Lacalle. | ||
| 500 | _aPrecede al tit.: Le Nouveau Bescherelle. | ||
| 650 | 1 | 4 |
_aLengua francesa- _xConjugación. _914201 |
| 700 | 1 |
_aBescherelle, Louis-Nicolas. _928570 |
|
| 852 |
_aES-MaACL _jE-11466 _bR.139527 |
||
| 999 |
_c106839 _d106839 |
||